Gestire i conflitti interculturali ed interreligiosi approcci a confronto /

Bibliographic Details
Main Author: Consorti, Pierluigi
Corporate Author: Universit ̀di Pisa
Other Authors: Valdambrini, Andrea
Format: Unknown
Language:Italian
Published: Pisa : Edizioni Plus : Universit ̀di Pisa, cop.2009.
Series:Quaderni del Master universitario in Gestione dei conflitti interculturali ed interreligiosi ; 1
Subjects:
Online Access:Acceso restringido

MARC

LEADER 00000ny a22000003n 4500
005 20110621132632.0
008 091030s2009 it b 000 0 ita d
020 |a 9788884926159 
035 |a 4762 
040 |a ItFiC  |c ItFiC  |d vLex 
090 |c 951  |d 951 
100 1 |a Consorti, Pierluigi. 
245 1 0 |a Gestire i conflitti interculturali ed interreligiosi  |h [Recurso electrn̤ico]  |b approcci a confronto /  |c Pierluigi Consorti, Andrea Valdambrini. 
256 |a Servicio en ln̕ea 
260 |a Pisa :  |b Edizioni Plus :  |b Universit ̀di Pisa,  |c cop.2009. 
300 |a 185 p. ;  |c 21 cm. 
490 1 |a Quaderni del Master universitario in Gestione dei conflitti interculturali ed interreligiosi ;  |v 1 
504 |a Incluye referencias bibliogrf̀icas 
506 1 |a Contenido solo disponible en los productos indicados  |d vLex Global  |d vLex Global (Academic Edition, excluding Law Schools)  |d vLex Global (U.S. Academic Edition, Law Schools)  |d vLex Global (U.S. Academic Edition, excluding Law Schools)  |d vLex Global (Academic Edition, Law Schools) 
650 0 4 |a Problemas sociales 
650 0 4 |a Relaciones entre etnias 
650 0 4 |a Trabajo  |x Conflictos  |z Italia 
700 1 |a Valdambrini, Andrea. 
710 2 |a Universit ̀di Pisa 
740 0 |a vLex Libros (Servicios en ln̕ea) 
856 4 0 |u http://vlex.com/source/4762  |z Acceso restringido 
942 |c BOOK 
999 0 |a Conflict management. 
999 0 |a Culture conflict. 
999 0 |a Ethnic conflict. 
999 0 |a Social conflict